以下哪些山西城市位于黄河流域 - 扫雷 - Statistics

General Stats
  • This quiz has been taken 15 times
  • The average score is 7 of 17
Answers on the Grid
Answers color-coded by a green-red scale on the quiz's grid according to % correct below.
太原
大同
阳泉
长治
晋城
朔州
晋中
运城
忻州
临汾
吕梁
古交
高平
怀仁
介休
永济
河津
原平
侯马
霍州
汾阳
平遥
临县
河曲
 
Answer Stats
Answer % Correct
运城
67%
临汾
67%
永济
58%
太原
50%
吕梁
50%
河曲
50%
晋中
42%
河津
42%
霍州
42%
临县
42%
介休
33%
侯马
33%
汾阳
33%
平遥
33%
晋城
25%
古交
25%
高平
25%
No matching quizzes found
Score Distribution
Percent of People with Each Score
Percentile by Number Answered
Your Score History
You have not taken this quiz